000 01189nam a2200229Ia 4500
001 21730
005 20260407085446.0
008 260320s9999||||xx |||||||||||||| ||und||
020 _a9786123330569
041 _aESP
082 _a348.6
_bT869
100 _aToyama Miyagusuku, Jorge,
_eAUT
245 0 _aEl derecho individual del trabajo :
_bun enfoque teórico-práctico
250 _aTercera edición
260 _aLima :
_bGaceta Jurídica,
_c2023
300 _a862 páginas :
_c25 cm.
650 _aCIS
653 _aDerecho; Derecho del trabajo
654 _aCDE
856 _uhttps://palestra-tirantonline-com.ucsp.lookproxy.com/base/per/biblioteca_virtual/9786123251765?general=derecho+individual+del+trabajo&index=2&navigate_url=%2Fbase%2Fper%2Fbibliotecavirtual%2Fsearches%2Fnavigate%3Ftoken_id%3D6901002f0a1893000e10e268&next_index=3&num_found=8775&pais=per&prev_index=1&route=ser&search_type=bibliotecavirtual&search_url=%2Fbase%2Fper%2Fbibliotecavirtual%2Fsearches%3Findex%3D2%26token_id%3D6901002f0a1893000e10e268&token_id=6901002f0a1893000e10e268&tolgeo=latam
_zVéase además: Derecho individual del trabajo en el Perú. Versión digital
942 _cLIB
_dJUS
_fTRC
_2ddc
999 _c21730
_d21730